000 00902cam a2200217 4500
001 WB3801-42
008 020110n2002 000 0 eng u
035 _a(Sirsi) u116234
245 _aHome zones
260 _c2002
490 _aUrban Environment Today
_v(137) 20 December 2001, 6(1)
520 _aA new report from the Joseph Rowntree Foundation suggests councils should consider the use of Home Zones as key elements in their strategies to manage streets in residential areas, and to improve local transport networks. "The Home Zones Planning and Design Handbook" is available from Marston Book Services. T: +44 (0) 1235 465500.
590 _aWB
650 _aJOSEPH ROWNTREE FOUNDATION
650 _aHOME ZONES
650 _aURBAN DESIGN
650 _aURBAN ENVIRONMENT
650 _aCOUNCILS
690 _aENVIRONMENTAL AND LAND CONSULTANCY-PLANNING AND DEVELOPMENT
942 _n0
999 _c69253
_d69253